000 00334nam a22001337a 4500
999 _c54993
_d54993
008 200204b ||||| |||| 00| 0 eng d
041 _aeng
080 _2043.3
_a043.3
082 _a043.3
100 _a0
101 _aBTH
245 _aKriteret Juridike për Anëtarësimin në BE: Teoria dhe Praktika
_cBlakaj,A
942 _2udc
_cBK